Adversários do Botafogo no Campeonato Brasileiro - Statistics

Estatísticas Gerais
  • Esse quiz foi jogado 27 vezes
    6 desde o último reset
  • A pontuação média é 58 de 94
Estatísticas das Respostas
Clube % Correto
América Mineiro
100%
America-RJ
100%
América-RN
100%
Atlético Mineiro
100%
Bahia
100%
Bangu
100%
Corinthians
100%
Coritiba
100%
Criciúma
100%
Cruzeiro
100%
Fast Clube
100%
Flamengo
100%
Fluminense
100%
Fluminense-BA
100%
Goiás
100%
Guarani
100%
Operário-MS
100%
Operário-MT
100%
Paraná
100%
Ponte Preta
100%
Portuguesa
100%
Red Bull Bragantino
100%
Santos
100%
São Paulo
100%
Sport
100%
Vasco da Gama
100%
ABC
80%
Athletico Paranaense
80%
Atlético Goianiense
80%
Avaí
80%
Botafogo-PB
80%
Botafogo-SP
80%
Ceará
80%
CSA
80%
Cuiabá
80%
Ferroviário-CE
80%
Ferroviário-PR
80%
Figueirense
80%
Fortaleza
80%
Grêmio
80%
Mirassol
80%
Palmeiras
80%
Paysandu
80%
Remo
80%
Santa Cruz
80%
Vila Nova
80%
Vitória
80%
Volta Redonda
80%
Chapecoense
60%
Confiança
60%
CRB
60%
Internacional
60%
Ipatinga
60%
Joinville
60%
Juventude
60%
Náutico
60%
Sampaio Correa
60%
Gama
40%
Londrina
40%
Mixto
40%
Moto Club
40%
Nacional-AM
40%
Olaria
40%
River-PI
40%
Santo André
40%
São Caetano
40%
Treze-PB
40%
Alecrim
20%
Americano
20%
Auto Esporte-PI
20%
Brasília
20%
CEUB
20%
Colorado
20%
Comercial-MS
20%
Comercial-SP
20%
Desportiva Ferroviária
20%
Ferroviária-SP
20%
Galícia
20%
Goiânia
20%
Goytacaz
20%
Grêmio Barueri
20%
Itabaiana
20%
Metropol
20%
Noroeste
20%
Pinheiros
20%
Rio Negro-AM
20%
São Bento
20%
São José
20%
Sergipe
20%
União São João
20%
Grêmio Maringá
0%
Internacional de Limeira
0%
Itabuna
0%
Tiradentes-PI
0%
Nenhum quiz correspondente encontrado
Distribuição das Pontuações
Porcentagem de Pessoas com Cada Pontuação
Percentil de Números Respondidos
Sua Pontuação Histórica
Você não jogou esse quiz desde o último reset